Statistiques concernant Les cas en Latin

Cliquez ici pour prendre le quiz!

Statistiques générales

  • Ce quiz a été pris 158 fois
  • Le résultat moyen est 5 sur 6

Statistiques - réponses

FonctionsCas% Correct
Sujet/ Attribut du SujetNominatif
92%
Complément d'Objet DirectAccusatif
90%
Complément d'Objet Indirect/ Complément d'Objet SecondDatif
90%
Compléments CirconstancielsAblatif
86%
ApostropheVocatif
86%
Complément Du NomGénitif
85%

Distribution des résultats

Percentile par nombre de réponses

% des personnes avec chaque résultat

Votre développement - résultats

Vous n’avez pas pris ce quiz